| 000 | 00506nam a2200193Ia 4500 | ||
|---|---|---|---|
| 005 | 20240718094639.0 | ||
| 008 | 131103s9999 xx 000 0 und d | ||
| 040 | _aLoreto College | ||
| 041 | _aEnglish | ||
| 082 |
_a821 _bKAU |
||
| 245 |
_aPoetry for pleasure _cSelected by Maung Kaung |
||
| 260 |
_aCalcutta _bOxford Univer ssity press _c1979 |
||
| 300 | _avii,128p. | ||
| 650 | _aEnglish Literature | ||
| 651 | _aEnglish Poetry | ||
| 700 | _aKaung, Maung; sel. | ||
| 850 | _aLCBED | ||
| 942 | _cBK | ||
| 999 |
_c29492 _d79971 |
||